000 00866nam a2200229Ia 4500
003 GCL
005 20240530095238.0
008 140319s9999 xx 000 0 ara d
020 _a2344208977
040 _aGCL /
_cGCL
082 0 4 _a953.084
_bق/م م
100 1 _aمحمد عبدالغنى الاشقر
245 1 0 _aالملحمة المصرية - عصر المماليك الجراسكة ورد الاعتبار فى عهد برسباى /
_cمحمد عبدالغنى الاشقر
260 _aالقاهرة :
_bمكتبة مدبولى ،
_c2002
300 _a123 ص ؛
_c24 سم
490 _aصفحات من تاريخ مصر
_v49
650 0 4 _aدولة المماليك
650 0 4 _aالمماليك الجراكسة
650 0 4 _aمصر - تاريخ
650 0 4 _aمصر - تاريخ - عصر المماليك ( 1250-1517 م )
942 _2ddc
_cBK
999 _c5381
_d5381